Регионална библиотека "Любен Каравелов" - Русе

Орелиен (Запис номер 201342)

MARC детайли
000 -Лидер
Контролно поле с фиксирана дължина 01391nam a2200361 a 4500
003 - Код на организацията, давaща контролен номер
Контролно поле BLK
005 - Дата и час на последна редакция
Контролно поле 20250225111340.0
008 - Елементи от данни с фиксирана дължина
fixed length control field 180411b bul|||||r ||||||| ||bul||
010 ## - Наследен системен номер
LC control number KNG00210777000
020 ## - Международен стандартен номер на книга ISBN
Международен стандартен номер на книга ISBN 978-619-150-974-4
040 ## - Източник на каталожния запис
Идентификатор на билиотеката - собственик на записа BLK
041 ## - Код за език
Код за езика на текст/звукозапис или на отделно заглавие Български
Код за езика КДБФ Български
072 #7 - Код за тематичната категория
Код организация bullib
Код за тематична категория Н83
Текст Чужда художествена литература Н
080 ## - УДК
Текстов определител УДК Френска литература
УДК код - определител по УДК 821.133.1
УДК определител -31
УДК - код + определител 821.133.1-31
100 ## - Редна дума - Автор
Автор Арагон, Луи
Дати, свързани с автора 3.Х.1897 - 24.ХІІ.1982
Автор - информация (биография) Френски писател, посетил Русе през 1947 г.
Пълна форма на името Андрийо, Луи-Мари
R(LIN) 376205
139 ## - Редно поле
Редна дума Арагон, Луи
Авторски знак Ар - А 80
245 10 - Сведения за заглавието
Заглавие Орелиен
Подзаглавни данни Роман
Редно поле (дума) Луи Арагон; прев. от фр. Пенка Пройкова.
257 ## - Страна на издаване
Страна на създаване/издаване Франция
260 ## - Област на издателските данни
Място на издаване, разпространение и проч. София
Име на издателя, разпространителя и проч. Колибри
Година на издаване 2017
Печатница София : Инвестпрес
300 ## - Физическа характеристика
Страници 582 с.
Размери/Мащаб 22 см
380 ## - Жанр
Жанр Худож. лит.
490 ## - СЕРИИ (Колекции)
Име на серия Модерна класика
9 (RLIN) 202761
500 ## - Общи забележки
Забележка Ориг. загл.: Aurelien / Louis Aragon
659 ## - Тематичен бюлетин
Тематичен бюлетин Н
700 1# - Други автори (авторска отговорност)
Лично име Пройкова, Пенка
Автороска отговорност (Описва отношението между автора и произведението) прев. от фр.
9 (RLIN) 368596
852 ## - Местоположение
Форматна сигнатура Цб 286741
856 4# - Електронен адрес и достъп
Електронен формат pdf - файл
856 4# - Електронен адрес и достъп
Електронен формат pdf - файл
999 ## - СИСТЕМНИ КОНТРОЛНИ НОМЕРА
Koha biblionumber 201342
Koha biblioitemnumber 201342
942 ## - АРТИКУЛИ
Вид на библиотечния материал Книги
Скрит в OPAC Не
Периодичен библиозапис Да
Koha issues (borrowed), all copies 15
944 ## - СЪЗДАВАНЕ И РЕДАКЦИЯ на ЗАПИСА
Създаване/Редакция Създаване
Дата на регистрацията/редакция 07.08.2017
Служител, извършил регистрацията/редакцията 30576
Статус, дата на статуса Цветомила Тодорова
944 ## - СЪЗДАВАНЕ И РЕДАКЦИЯ на ЗАПИСА
Създаване/Редакция Редакция
Дата на регистрацията/редакция 29.08.2017
Служител, извършил регистрацията/редакцията Грета_Цуфелде
999 ## - СИСТЕМНИ КОНТРОЛНИ НОМЕРА
Koha biblioitemnumber 201342
Наличности
Код за отписване Код за изгубен артикул Код за повреда Коз за рестрикции Код за отдаване Артикулен № Име на библиотеката - собственик Име на библиотеката, в която се намира в момента Статус (Текущо местоположение) Дата на вписване в системата Местоположение - отдел Цена в лева Инвентарен номер Систематично азбучна сигнатура Баркод Номер на екземпляра Цена в евро Служебна бележка Служебен тип на артикула Източник на класификационната схема
  Не е изгубен Не е повреден без рестрикции ползва се в читалня 348704 Регионална библиотека "Любен Каравелов" Русе Регионална библиотека "Любен Каравелов" Русе Хранилище 2017-08-14 Хранилище 22.00 120000814102 Цб 286741 120000814102 1 11.25 Дост: Dp Вид: Д N: 28 Дата: 13.06.2017 Книги  
  Не е изгубен Не е повреден без рестрикции заемане за дома 837038 Регионална библиотека "Любен Каравелов" Русе Регионална библиотека "Любен Каравелов" Русе Заемна - подръчен фонд 2021-06-16 Заемна - подръчен фонд 22.00   821-31/А 80 Л 120000856421   11.25   Книги Universal Decimal Classification
Vip Innovations Ltd, Rousse, Bulgaria 2025